Social media communication :concepts, practices, data, law and ethics / (Record no. 3964)

000 -LEADER
fixed length control field 01236cam a22003618i 4500
001 - CONTROL NUMBER
control field 19601995
003 - CONTROL NUMBER IDENTIFIER
control field OSt
005 - DATE AND TIME OF LATEST TRANSACTION
control field 20180320130111.0
008 - FIXED-LENGTH DATA ELEMENTS--GENERAL INFORMATION
fixed length control field 170419s2018 nyu b 001 0 eng
010 ## - LIBRARY OF CONGRESS CONTROL NUMBER
LC control number 2017004170
020 ## - INTERNATIONAL STANDARD BOOK NUMBER
International Standard Book Number 9781138229761 (hbk.)
020 ## - INTERNATIONAL STANDARD BOOK NUMBER
International Standard Book Number 9781138229778 (pbk.)
020 ## - INTERNATIONAL STANDARD BOOK NUMBER
Cancelled/invalid ISBN 9781315388144
040 ## - CATALOGING SOURCE
Original cataloging agency DLC
Language of cataloging eng
Transcribing agency DLC
Description conventions rda
Modifying agency DLC
042 ## - AUTHENTICATION CODE
Authentication code pcc
050 00 - LIBRARY OF CONGRESS CALL NUMBER
Classification number HM741.L563 2018
082 00 - DEWEY DECIMAL CLASSIFICATION NUMBER
Classification number 302.23/1
Edition number 23
100 1# - MAIN ENTRY--PERSONAL NAME
Personal name Lipschultz, Jeremy Harris,
Dates associated with a name 1958-
Relator term author.
245 10 - TITLE STATEMENT
Title Social media communication :concepts, practices, data, law and ethics /
Statement of responsibility, etc Jeremy Harris Lipschultz.
250 ## - EDITION STATEMENT
Edition statement Second edition
260 ## - PUBLICATION, DISTRIBUTION, ETC. (IMPRINT)
Place of publication, distribution, etc New York
Name of publisher, distributor, etc Routledge
Date of publication, distribution, etc 2018
300 ## - PHYSICAL DESCRIPTION
Extent xx, 375 pages ;
Dimensions 24 cm
500 ## - GENERAL NOTE
General note Earlier edition: 2015.
504 ## - BIBLIOGRAPHY, ETC. NOTE
Bibliography, etc Includes bibliographical references and index.
650 #0 - SUBJECT ADDED ENTRY--TOPICAL TERM
Topical term or geographic name as entry element Social media.
650 #0 - SUBJECT ADDED ENTRY--TOPICAL TERM
Topical term or geographic name as entry element Social networks.
650 #0 - SUBJECT ADDED ENTRY--TOPICAL TERM
Topical term or geographic name as entry element Online social networks.
650 #0 - SUBJECT ADDED ENTRY--TOPICAL TERM
Topical term or geographic name as entry element Social media
General subdivision Law and legislation.
650 #0 - SUBJECT ADDED ENTRY--TOPICAL TERM
Topical term or geographic name as entry element Social media
General subdivision Moral and ethical aspects.
906 ## - LOCAL DATA ELEMENT F, LDF (RLIN)
a 7
b cbc
c orignew
d 1
e ecip
f 20
g y-gencatlg
942 ## - ADDED ENTRY ELEMENTS (KOHA)
Source of classification or shelving scheme
Koha item type Book
Holdings
Withdrawn status Lost status Source of classification or shelving scheme Damaged status Not for loan Home library Current library Shelving location Date acquired Total Checkouts Full call number Barcode Date last seen Date checked out Copy number Price effective from Koha item type
          Riara University Library Riara University Library General stack 20/03/2018 1 HM741.L563 2018 9090/18 16/11/2018 05/11/2018 C.1 20/03/2018 Book
          Riara University Library Riara University Library General stack 20/03/2018 2 HM741.L563 2018 9091/18 24/05/2018 30/04/2018 C.2 20/03/2018 Book

Riara University Library,
P.O. Box 49940-00100,
Nairobi, Kenya.